Collegamenti ferroviari con i paesi limitrofi (Italia) - Statistics

Statistiche generali
  • Questo quiz è stato fatto 26 volte
  • Il punteggio medio è 7 su 11
Statistiche sulle risposte
è la stazione di confine sulla linea Regione Stazione di % Corretto
Genova-Nizza Liguria Ventimiglia
95%
Verona-Innsbruck Trentino-Alto Adige Brennero
90%
Milano-Zurigo (linea Galleria del Gottardo) Svizzera, Ticino Chiasso
81%
funge da collegamento con le ferrovie slovene, attraverso la stazione di Nova Gorica Friuli-Venezia Giulia Gorizia Centrale
81%
Milano-Berna/Ginevra (linea del tunnel del Sempione) Piemonte Domodossola
67%
Venezia-Wien (linea ferroviaria austriaca meridionale) Friuli-Venezia Giulia Tarvisio Boscoverde
62%
funge da collegamento con le ferrovie slovene, attraverso le stazioni di Sežana e Monrupino Friuli-Venezia Giulia Villa Opicina (Trieste)
62%
è il capolinea dalla parte italiana dei 1,000 mm sulla linea del Bernina della Rhätische Bahn Lombardia Tirano
57%
Torino-Lione (linea del tunnel del Fréjus) Francia, Alpi, Savoia Modane
43%
Fortezza-Lienz Trentino-Alto Adige San Candido
43%
Oleggio-Pino Lombardia Luino
24%
Nessun quiz corrispondente trovato
Distribuzione punteggi
Percentuale di utenti per punteggio
Percentile per numero di risposta
I tuoi punteggi nel tempo
Non hai fatto questo quiz